000 00832nam a2200229 u 4500
005 20240815063726.0
008 151111s2007 es r 000 0 spa d
020 _a9788497543057
035 _aUPN01000206720
049 _aI
050 4 _aQL737 P9.8
_bW5.6
100 1 _aWilson, David Henry,
_d1937-
_938348
245 1 3 _aEl pequeño gran libro de los elefantes :
_bcon 80 fotografías en color /
_cDavid Henry Wilson ; il. Steve Bloom ; tr. Lourdes Bassols.
260 _aBarcelona, Esp. :
_bOniro,
_cc2007.
300 _a63 p . :
_bprincipalmente il. col.
534 _pTítulo original:
_tElephants a book for children
650 4 _aELEFANTES -
_vLITERATURA INFANTIL
_924630
650 4 _aAnimales
_xHábitos y comportamiento
_91059
700 1 _aBloom, Steve,
_d1953-
_eil.
_938349
905 _aInfantil
999 _c178821
_d178821